000 00626nam a2200217 4500
003 OSt
005 20240622025853.0
006 a
008 240622b |||||||| |||| 00| 0 eng d
020 _a9781111349752
040 _aDWCL-Main lib.
_cOC
082 _aCirc. 418.4 T866 2010
245 _aTrue adventure and exciting sports /
260 _aSingapore:
_bCengage learning asia Pte Ltd,
_cc2010.
300 _b84 p: col. ill.;
_c21cm.
650 _a1. English language-study and teaching.
650 _a2. Reading comprehension
650 _a3. Reading.
700 _aRob Waring
942 _2ddc
_n0
_cBK-CIRC
_kCirc.
999 _c1137
_d1137